Rozpoznaj postać z gry video po obrazie -platformówki - Statystyki

Ogólne statystyki
  • Ten quiz został rozwiązany 16 razy
  • Średni wynik to 11 z 28
Statystyki odpowiedzi
Obrazkowy Odpowiedź % Poprawnych
Mario
100%
Sonic
100%
Crash Bandicoot
79%
Kao
71%
Astro Bot
64%
Donkey Kong
64%
Pac-Man
64%
Rayman
64%
Kirby
57%
Spyro
57%
Mega Man
50%
Ratchet
50%
Meat Boy
43%
Sackboy
43%
Yoshi
43%
Croc
29%
Jazz
21%
Sly Cooper
21%
Banjo
14%
Gex
14%
Blinx
7%
Bubsy
7%
Conker
7%
Earthworm Jim
7%
Klonoa
7%
Shantae
7%
Ty
7%
Zool
7%
Nie znaleziono quizów pasujących do podanych kryteriów
Rozkład punktacji
Procent ludzi z każdym wynikiem
Percentyl według liczby udzielonych odpowiedzi
Twoja historia wyników
Nie rozwiązałeś tego quizu